LEADER 01401nam a2200337 u 4500 001 000000061097 003 CaOOAMICUS 005 20240403163008.0 008 010831s1993 gw u000 u ger u 020 $a3451021471 032 $aLibriCat 035 $a10900748 040 $aPUL(R)$bita 100 1 $aDöring, Heinrich.$0(OLS)http://pul/name/41697 245 14$aDer Glauben denken :$bneue Wege der Fundamentaltheologie /$cHeinrich Döring, Armin Kreiner, Perry Schmidt-Leukel. 260 $aFreiburg :$bHerder,$c1993. 300 $a244 p. ;$c23 cm 490 1 $aQuaestiones disputatae ;$v147 504 $aBibliografia in nota. 650 4$aApologetica.$0(OLS)http://pul/subject/414 700 1 $aSchmidt-Leukel, Perry,$d1954-$0(OLS)http://pul/name/41699 700 1 $aKreiner, Armin.$0(OLS)http://pul/name/41698 830 0$aQuaestiones disputatae (Herder) ;$v147.$0(OLS)http://pul/title/18243 850 $aPUL 852 $aPUL$W1$xSL Religione 2$y84$mTheol A6 147$j79671$nBK-PRI$b $qStampati altre collocazioni$B79671$CPULBib$Z2$F79671 $H $81 941 1 $a10 961 $aINV: 70583 996 $6020$a3451021471$9(OLS)http://pul/number/79110 996 $6245$aDer Glauben denken :$bneue Wege der Fundamentaltheologie$9(OLS)http://pul/title/81602 996 $6260$aFreiburg :$bHerder$9(OLS)http://pul/publisher/48354 LEADER 01041nam a2200217 u 4500 001 000000077946 003 CaOOAMICUS 005 20070226123357.0 008 040310s1847 fr af u000 u fre u 035 $a10986652 040 $aPUL(R)$bita 245 10$aEglise de Notre-Dame de Bon-Secours, prčs Rouen, dont les fondements ont été jetés en 1840. 260 $aParis :$bSagnier et Bray ;$aRouen :$bFleury Fils Aineé,$c1847. 300 $a23 p., [6] c. di tav. :$bant., ill. (1 col.) ;$c30 cm 650 4$aChiese$zFrancia.$0(OLS)http://pul/subject/24754 850 $aPUL 852 $aPUL$W1$xDP1 Antico 800$y27$m141 G 17$j100047$nBK-PRI$b $qStampati Antico$B100047$CPULBib$Z2$F100047 $H $81 941 1 $a15 996 $6245$aEglise de Notre-Dame de Bon-Secours, prčs Rouen, dont les fondements ont été jetés en 1840$9(OLS)http://pul/title/102175 996 $6260$aParis :$bSagnier et Bray$9(OLS)http://pul/publisher/51539 996 $6260$aRouen :$bFleury Fils Aineé$9(OLS)http://pul/publisher/75276